<?xml version="1.0" encoding="UTF-8"?>
<record
    xmlns:xsi="http://www.w3.org/2001/XMLSchema-instance"
    xsi:schemaLocation="http://www.loc.gov/MARC21/slim http://www.loc.gov/standards/marcxml/schema/MARC21slim.xsd"
    xmlns="http://www.loc.gov/MARC21/slim">

  <leader>01962cam a2200409 i 4500</leader>
  <datafield tag="999" ind1=" " ind2=" ">
    <subfield code="c">29329</subfield>
    <subfield code="d">29300</subfield>
  </datafield>
  <controlfield tag="001">21091583</controlfield>
  <controlfield tag="003">EG-ScBUE</controlfield>
  <controlfield tag="005">20210808095225.0</controlfield>
  <controlfield tag="006">m|||| o||d  00| 0</controlfield>
  <controlfield tag="007">cr cn ---auuuu</controlfield>
  <controlfield tag="008">190718s2019    enk    fob    001 0 eng d</controlfield>
  <datafield tag="020" ind1=" " ind2=" ">
    <subfield code="a">9780198838364</subfield>
  </datafield>
  <datafield tag="035" ind1=" " ind2=" ">
    <subfield code="a">(OCoLC)on1084807463</subfield>
  </datafield>
  <datafield tag="040" ind1=" " ind2=" ">
    <subfield code="a">YDX</subfield>
    <subfield code="b">eng</subfield>
    <subfield code="e">rda</subfield>
    <subfield code="c">YDX</subfield>
    <subfield code="d">BDX</subfield>
    <subfield code="d">UKMGB</subfield>
    <subfield code="d">OCLCO</subfield>
    <subfield code="d">OCLCF</subfield>
    <subfield code="d">CHVBK</subfield>
    <subfield code="d">OCLCO</subfield>
    <subfield code="d">UK5EZ</subfield>
    <subfield code="d">SLA</subfield>
    <subfield code="d">LSD</subfield>
    <subfield code="d">GUL</subfield>
    <subfield code="d">DLC</subfield>
    <subfield code="d">EG-ScBUE</subfield>
  </datafield>
  <datafield tag="082" ind1="0" ind2="4">
    <subfield code="a">347.00285</subfield>
    <subfield code="b">SUS</subfield>
    <subfield code="2">22</subfield>
  </datafield>
  <datafield tag="100" ind1="1" ind2=" ">
    <subfield code="a">Susskind, Richard E.,</subfield>
    <subfield code="e">author.</subfield>
  </datafield>
  <datafield tag="245" ind1="1" ind2="0">
    <subfield code="a">Online courts and the future of justice</subfield>
    <subfield code="h">[electronic resourse] /</subfield>
    <subfield code="c">Richard Susskind.</subfield>
  </datafield>
  <datafield tag="250" ind1=" " ind2=" ">
    <subfield code="a">First Edition.</subfield>
  </datafield>
  <datafield tag="264" ind1=" " ind2="1">
    <subfield code="a">Oxford :</subfield>
    <subfield code="b">Oxford University Press,</subfield>
    <subfield code="c">2019.</subfield>
  </datafield>
  <datafield tag="300" ind1=" " ind2=" ">
    <subfield code="a">1 online resource.</subfield>
  </datafield>
  <datafield tag="336" ind1=" " ind2=" ">
    <subfield code="a">text</subfield>
    <subfield code="b">txt</subfield>
    <subfield code="2">rdacontent</subfield>
  </datafield>
  <datafield tag="337" ind1=" " ind2=" ">
    <subfield code="a">unmediated</subfield>
    <subfield code="b">n</subfield>
    <subfield code="2">rdamedia</subfield>
  </datafield>
  <datafield tag="338" ind1=" " ind2=" ">
    <subfield code="a">volume</subfield>
    <subfield code="b">nc</subfield>
    <subfield code="2">rdacarrier</subfield>
  </datafield>
  <datafield tag="504" ind1=" " ind2=" ">
    <subfield code="a">Includes bibliographical references and index.</subfield>
  </datafield>
  <datafield tag="588" ind1=" " ind2=" ">
    <subfield code="6">Description based on print version record and CIP data provided by publisher.</subfield>
  </datafield>
  <datafield tag="650" ind1=" " ind2="7">
    <subfield code="a">Justice, Administration of</subfield>
    <subfield code="x">Technological innovations.</subfield>
    <subfield code="2">BUEsh</subfield>
  </datafield>
  <datafield tag="650" ind1=" " ind2="7">
    <subfield code="a">Videoconferencing.</subfield>
    <subfield code="2">BUEsh</subfield>
  </datafield>
  <datafield tag="650" ind1=" " ind2="7">
    <subfield code="a">Courts</subfield>
    <subfield code="x">Technological innovations.</subfield>
    <subfield code="2">BUEsh</subfield>
  </datafield>
  <datafield tag="650" ind1=" " ind2="7">
    <subfield code="a">Closed-circuit television in court proceedings.</subfield>
    <subfield code="2">BUEsh</subfield>
    <subfield code="9">32156</subfield>
  </datafield>
  <datafield tag="653" ind1=" " ind2=" ">
    <subfield code="b">LLAAWW</subfield>
    <subfield code="c">August2021</subfield>
  </datafield>
  <datafield tag="655" ind1=" " ind2=" ">
    <subfield code="v">Reading book</subfield>
    <subfield code="9">34232</subfield>
  </datafield>
  <datafield tag="776" ind1="0" ind2="8">
    <subfield code="i">print version: </subfield>
    <subfield code="a">Susskind, Richard E.</subfield>
    <subfield code="t">Online courts and the future of justice.</subfield>
    <subfield code="d">Oxford : Oxford University Press, 2019.</subfield>
    <subfield code="z">9780198838364</subfield>
    <subfield code="w">(OCoLC) 1084807463</subfield>
  </datafield>
  <datafield tag="856" ind1="4" ind2="0">
    <subfield code="u">https://ezproxy.bue.edu.eg/login?url=http://search.ebscohost.com/login.aspx?direct=true&amp;db=nlebk&amp;AN=2295860&amp;site=eds-live&amp;ebv=EB&amp;ppid=pp_vi</subfield>
    <subfield code="y">https://ezproxy.bue.edu.eg/login?url=http://search.ebscohost.com/login.aspx?direct=true&amp;db=nlebk&amp;AN=2295860&amp;site=eds-live&amp;ebv=EB&amp;ppid=pp_vi</subfield>
  </datafield>
  <datafield tag="906" ind1=" " ind2=" ">
    <subfield code="a">7</subfield>
    <subfield code="b">cbc</subfield>
    <subfield code="c">pccadap</subfield>
    <subfield code="d">2</subfield>
    <subfield code="e">ncip</subfield>
    <subfield code="f">20</subfield>
    <subfield code="g">y-gencatlg</subfield>
  </datafield>
  <datafield tag="942" ind1=" " ind2=" ">
    <subfield code="2">ddc</subfield>
    <subfield code="c">BB</subfield>
  </datafield>
  <datafield tag="952" ind1=" " ind2=" ">
    <subfield code="0">0</subfield>
    <subfield code="1">0</subfield>
    <subfield code="2">ddc</subfield>
    <subfield code="4">0</subfield>
    <subfield code="7">0</subfield>
    <subfield code="a">MAIN</subfield>
    <subfield code="b">MAIN</subfield>
    <subfield code="c">1ST</subfield>
    <subfield code="d">2021-08-08</subfield>
    <subfield code="l">0</subfield>
    <subfield code="o">347.00285 SUS</subfield>
    <subfield code="r">2021-08-08 00:00:00</subfield>
    <subfield code="u">https://ezproxy.bue.edu.eg/login?url=http://search.ebscohost.com/login.aspx?direct=true&amp;db=nlebk&amp;AN=2295860&amp;site=eds-live&amp;ebv=EB&amp;ppid=pp_vi</subfield>
    <subfield code="w">2021-08-08</subfield>
    <subfield code="y">BB</subfield>
  </datafield>
</record>
